000 01076nam a2200253Ia 4500
003 Ost
005 20260507075209.0
008 260507s9999||||xx |||||||||||||| ||und||
020 _a35572499579
040 _cfsecg
041 _aara
082 _a330
100 _aسمحان، سهيل احمد
_eمؤلف
245 0 _aمبادئ الاحصاء للاقتصاد و العلوم الادارية /
_c سهيل احمد سمحان
260 _aعمان:
_bدار صفاء,
_c2010
300 _a223 صفحة؛
_bإيضاحات ؛
_c24 سم
504 _aمراجع ص.221
520 _aتطور علم الاحصاء ، علم الاحصاء وصف البيانات ، مقاييس النزعة المركزية ، مقاييس التشتت ، الارتباط و الانحدار ، السلاسل الزمنية ، الارقام القياسية .
653 _aالاحصاء
653 _aالإحصاء الرياضي
653 _aالإقتصاد القياسي
700 _aالوادي، محمود حسين
_eمؤلف ثانوي
942 _cكتاب
999 _c43453
_d43453